Historical and Modern Israeli Political Parties - Statistics

General Stats
  • This quiz has been taken 25 times
  • The average score is 7 of 15
Answer Stats
Description Political Party % Correct
The political party of Benjamin Netanyahu Likud
100%
The largest opposition party Yesh Atid
70%
The first centrist party to successfully nominate a prime minister Kadima
65%
This party joined with Labor to create The Democrats Meretz
65%
Was the dominant political party in Israel's early years Mapai
60%
Name of a former alliance in 2019-2021, headed by Benny Gantz Blue and White
55%
A short-lived party headed by far-right ultra-nationalist Meir Kahane, which was subsequently banned after winning 1 seat in 1984 Kach
55%
Name of the alliance between the above and Mapam Alignment
40%
Predecessor of the above Gahal
40%
A left-wing Arab party which emphasizes Arab-Israeli cooperation Hadash
40%
A defunct centrist secular party, headed by Yair Lapid's father Yosef Lapid Shinui
35%
A right-wing party originally appealing to Russian immigrants Yisrael Beiteinu
35%
The oldest political party in Israel (hint: a haredi party) Agudat Yisrael
30%
Another name for the defunct National Religious Party Mafdal
20%
The political party of Chaim Weizmann, Israel's first president General Zionists
15%
No matching quizzes found
Score Distribution
Percent of People with Each Score
Percentile by Number Answered
Your Score History
You have not taken this quiz